|
|
|
|
| LEADER |
00915nam a2200253 a 4500 |
| 001 |
774727 |
| 008 |
100114r1979 enka b 001 0 eng d |
| 999 |
|
|
|c 6998
|d 6998
|
| 010 |
|
|
|a 72184685
|
| 020 |
|
|
|a 0631171401
|
| 020 |
|
|
|a 0631142207
|
| 040 |
|
|
|a DLC
|c DLC
|d DLC
|d BD-DhAAL
|
| 082 |
0 |
0 |
|a 301.1018
|
| 100 |
1 |
|
|a Harre, Rom.
|9 32610
|
| 245 |
1 |
4 |
|a The explanation of social behaviour /
|c [by] R. Harre and P. F. Secord.
|
| 260 |
|
|
|a Oxford :
|b Blackwell,
|c 1979.[reprinted]
|
| 300 |
|
|
|a vii, 327 p. :
|b illus. ;
|c 23 cm.
|
| 504 |
|
|
|a Includes bibliographical references.
|
| 541 |
1 |
|
|e 00012669
|
| 650 |
|
0 |
|a Sociology.
|9 32611
|
| 700 |
1 |
|
|a Secord, Paul F.,
|e joint author.
|9 32612
|
| 852 |
4 |
|
|a Ayesha Abed Library
|j General Shelf.
|
| 942 |
|
|
|2 ddc
|c BK
|
| 952 |
|
|
|0 0
|1 0
|2 ddc
|4 0
|6 301_101800000000000_HAR
|7 0
|9 7253
|a BRACUL
|b BRACUL
|c GEN
|d 2010-01-17
|g 1350.00
|l 0
|o 301.1018 HAR
|p 3010012669
|r 2010-01-17
|t 1
|w 2010-01-17
|y BK
|x $15.95
|